000 00487nmm a2200169Ia 4500
008 251105s9999||||xx |||||||||||||||||und||
020 _a9788499676951
041 _aspa
100 _aSainz de la Maza, Óscar
245 0 _aBreve historia de entreguerras
264 _a[Madrid, España] :
_bEdiciones Nowtilus,
_c2015
300 _a336 páginas
490 _aBreve historia
650 _aHistory (General)
856 _uhttps://public.digitaliapublishing.com/a/171946
942 _cCF
999 _c93154
_d93154